| 000 | 00361nam a2200133Ia 4500 | ||
|---|---|---|---|
| 008 | 231017s9999 xx 000 0 und d | ||
| 082 | _a625.8 | ||
| 082 | _bBRO | ||
| 245 | 0 | _aTechnical basis of the 2004 Austroads design procedures for flexible overlays on flexible pavements | |
| 245 | 0 | _cAustroads | |
| 260 | _bAustroads | ||
| 300 | _c30cm | ||
| 942 | _cREP | ||
| 999 |
_c606090 _d606090 |
||